Minecraft Mobs - Statistics

General Stats
  • This quiz has been taken 16 times
  • The average score is 65 of 109
Answer Stats
Type Mob % Correct
Cow
100%
Boss Ender Dragon
100%
Sheep
100%
Skeleton
100%
Wither
100%
Zombie
100%
Chicken
92%
Enderman
92%
Fox
92%
Ghast
92%
Horse
92%
Pig
92%
Piglin
92%
Pillager
92%
Spider
92%
Villager
92%
Wither Skeleton
92%
Hostile Blaze
83%
Cave Spider
83%
Cod
83%
Creeper
83%
Dolphin
83%
Hoglin
83%
Ocelot
83%
Salmon
83%
Skeleton Horse
83%
Tropical Fish
83%
Wolf
83%
Passive Allay
75%
Armadilo
75%
Axolotl
75%
Drowned
75%
Endermite
75%
Husk
75%
Iron Golem
75%
Magma Cube
75%
Parrot
75%
Polar Bear
75%
Pufferfish
75%
Vex
75%
Warden
75%
Zombie Horse
75%
Bat
67%
Camel
67%
Cat
67%
Donkey
67%
Elder Guardian
67%
Evoker
67%
Frog
67%
Guardian
67%
Mooshroom
67%
Panda
67%
Phantom
67%
Shulker
67%
Slime
67%
Snow Golem
67%
Squid
67%
Strider
67%
Turtle
67%
Vindicator
67%
Wandering Trader
67%
Witch
67%
Zoglin
67%
Zombified Piglin
67%
Neutral Bee
58%
Breeze
58%
Copper Golem
58%
Glow Squid
58%
Goat
58%
Happy Ghast
58%
Illusioner
58%
Llama
58%
Piglin Brute
58%
Rabbit
58%
Ravager
58%
Silverfish
58%
Sniffer
58%
Stray
58%
Bogged
50%
Mule
50%
Nautilus
50%
Zombie Villager
50%
Unused Giant
42%
Tadpole
42%
Trader Llama
33%
Camel Husk
25%
Crab
25%
Creaking
25%
Firefly
25%
Parched
25%
Penguin
25%
Rascal
25%
Removed Zombie Pigman
25%
Education Agent
17%
Glare
17%
Iceologer
17%
Moobloom
17%
Tuff Golem
17%
Zombie Nautilus
17%
Killer Bunny
8%
Meerkat
8%
Ostrich
8%
Sulfur Cube
8%
Termite
8%
The Great Hunger
8%
Vulture
8%
Unimplemented Barnacle
0%
NPC
0%
Wildfire
0%
No matching quizzes found
Score Distribution
Percent of People with Each Score
Percentile by Number Answered
Your Score History
You have not taken this quiz